00921cam a2200241 a 450000100100000000500170001000800410002704000290006808200170009710000440011424500970015826000420025530000210029749000350031865000270035365000390038070000370041983000420045691000340049804900090053295201210054199900170066200001386620260219111624.0721115s1946 nyu 000 0 spa  aDO-SdBNPbspacLCdBNPHU a327.7bW577a1 aWhitaker, Arthur Preston,d1895-93140114aLas Américas y un mundo en crisis /cArthur P. Whitaker ; traducción Ernesto Montenegro. aNueva York :bLancaster Press,c1946. a366 p. ;c19 cm.1 aBiblioteca Interamericana,v15 0aPanamericanismo 97149 0aCooperación internacional 912401 aMontenegro, Ernesto,etr.931402 0aBiblioteca Interamericana,v15931403 aCatalogación por copia / LC aBNGR 001052708MOaGRbGRcCTd2009-11-30iLF1l0o327.7 W577ap13866-10r2020-06-25w2020-06-25y2ZPréstamo interno c13473d13473